书目信息 |
| 题名: |
计算机组装与维修
|
|
| 作者: | 马苍平 主编 | |
| 分册: | ||
| 出版信息: | 上海 华东师范大学出版社 2018 |
|
| 页数: | 249页 | |
| 开本: | 24cm | |
| 丛书名: | ||
| 单 册: | ||
| 中图分类: | TP30 | |
| 科图分类: | ||
| 主题词: | 电子计算机--组装--职业教育--教材 , 电子计算机--维修--职业教育--教材 | |
| 电子资源: | ||
| ISBN: | 978-7-5675-6342-1 | |
| 000 | 00985nam0 2200241 45 | |
| 001 | 012001004178 | |
| 005 | 20131122145108.0 | |
| 010 | @a978-7-5675-6342-1@dCNY39.00 | |
| 100 | @a20181029d2017 em y0chiy0110 ea | |
| 101 | 0 | @achi |
| 102 | @aCN@b310000 | |
| 105 | @ay z 000yy | |
| 106 | @ar | |
| 200 | 1 | @a计算机组装与维修@Aji suan ji zu zhuang yu wei xiu@f马苍平主编 |
| 210 | @a上海@c华东师范大学出版社@d2018 | |
| 215 | @a249页@d24cm | |
| 330 | @a本书是职业教育教材。教材采用项目式编写模式,突出实践能力培养,知识点以够用实用为原则,以情境为导入,彰显工作过程导向教学模式,实现理论实践一体化。从计算机组成与选购、计算机组装与调试、日常维护与故障处理三个课题来系统编写,由浅入深、由点及面,符合学生的学习特点和水平。采用项目式教学,增加学习兴趣。 | |
| 606 | 0 | @a电子计算机@x组装@x职业教育@j教材 |
| 606 | 0 | @a电子计算机@x维修@x职业教育@j教材 |
| 690 | @aTP30@v5 | |
| 701 | 0 | @a马苍平@Ama cang ping@4主编 |
| 801 | 0 | @aCN@b上海新华@c20191020 |
| 905 | @b1212583-6@dTP30@e1050@f4 | |
| 计算机组装与维修/马苍平主编.-上海:华东师范大学出版社,2018 |
| 249页;24cm |
| ISBN 978-7-5675-6342-1:CNY39.00 |
| 本书是职业教育教材。教材采用项目式编写模式,突出实践能力培养,知识点以够用实用为原则,以情境为导入,彰显工作过程导向教学模式,实现理论实践一体化。从计算机组成与选购、计算机组装与调试、日常维护与故障处理三个课题来系统编写,由浅入深、由点及面,符合学生的学习特点和水平。采用项目式教学,增加学习兴趣。 |
| ● |
| 相关链接 |
|
|
|
|
正题名:计算机组装与维修
索取号:TP30/1050
 
预约/预借
| 序号 | 登录号 | 条形码 | 馆藏地/架位号 | 状态 | 备注 |
| 1 | 1212583 | 212125831 | 第二样本阅览室/ [索取号:TP30/1050] | 在馆 | |
| 2 | 1212584 | 212125840 | 第三借阅区/ [索取号:TP30/1050] | 在馆 | |
| 3 | 1212585 | 212125859 | 第三借阅区/ [索取号:TP30/1050] | 在馆 | |
| 4 | 1212586 | 212125868 | 第三借阅区/ [索取号:TP30/1050] | 在馆 |